书目信息 |
| 题名: |
计算物理方法及应用研究
|
|
| 作者: | 彭红梅 著 | |
| 分册: | ||
| 出版信息: | 北京 中国原子能出版社 2020.03 |
|
| 页数: | 192页 | |
| 开本: | 24cm | |
| 丛书名: | ||
| 单 册: | ||
| 中图分类: | O411.1 | |
| 科图分类: | ||
| 主题词: | 计算物理学--ji suan wu li xue--研究 | |
| 电子资源: | ||
| ISBN: | 978-7-5221-0019-7 | |
| 000 | 00762nam0 2200229 450 | |
| 001 | 0109110223 | |
| 005 | 20201109110339.0 | |
| 010 | @a978-7-5221-0019-7@dCNY62.00 | |
| 100 | @a20200713d2020 em y0chiy50 ea | |
| 101 | 0 | @achi |
| 102 | @aCN@b110000 | |
| 105 | @aa z 000yy | |
| 106 | @ar | |
| 200 | 1 | @a计算物理方法及应用研究@Aji suan wu li fang fa ji ying yong yan jiu@f彭红梅著 |
| 210 | @a北京@c中国原子能出版社@d2020.03 | |
| 215 | @a192页@c图@d24cm | |
| 330 | @a本书主要论述了在传统物理课题中常用的数值计算方法,并介绍了计算物理方法在理论和实验物理领域中的应用实例。 | |
| 606 | 0 | @a计算物理学@Aji suan wu li xue@x研究 |
| 690 | @aO411.1@v5 | |
| 701 | 0 | @a彭红梅@Apeng hong mei@4著 |
| 801 | 0 | @aCN@bBJSZM@c20201103 |
| 905 | @b1241023-6@dO411.1@e104@f4 | |
| 计算物理方法及应用研究/彭红梅著.-北京:中国原子能出版社,2020.03 |
| 192页:图;24cm |
| ISBN 978-7-5221-0019-7:CNY62.00 |
| 本书主要论述了在传统物理课题中常用的数值计算方法,并介绍了计算物理方法在理论和实验物理领域中的应用实例。 |
| ● |
| 相关链接 |
|
|
|
|
正题名:计算物理方法及应用研究
索取号:O411.1/104
 
预约/预借
| 序号 | 登录号 | 条形码 | 馆藏地/架位号 | 状态 | 备注 |
| 1 | 1241023 | 212410238 | 第二样本阅览室/ [索取号:O411.1/104] | 在馆 | |
| 2 | 1241024 | 212410247 | 第三借阅区/ [索取号:O411.1/104] | 在馆 | |
| 3 | 1241025 | 212410256 | 第三借阅区/ [索取号:O411.1/104] | 在馆 | |
| 4 | 1241026 | 212410265 | 第三借阅区/ [索取号:O411.1/104] | 在馆 |